000 00451nab a2200145Ia 4500
003 ES-SlBCS
005 20210601134126.0
008 140529s2012 xxu||||| |||| 00| 0 por d
041 _apor
100 1 _aMerçon, Juliana
_9213885
245 0 0 _aHistória e liberdade: a esperança de Freire e de Spinoza
_c Juliana Merçon
650 0 4 _aFreire
_9213886
773 0 _tEducaçao e Filosofia
_gvol. 26, nº. 52, 2012, págs. 551-563
_wRev1534
942 _cAR
999 _c607483
_d607483